Центр профессионального просвещения на службе транспортного комплекса (период 1945-1991 гг.) (Запись № 11509911)

Подробности
000 -МАРКЕР
контрольное поле 02092nam0a2200361 i 4500
001 - ИДЕНТИФИКАТОР ЗАПИСИ
контрольное поле RU\NLR\BIBL_A\011401382
005 - ИДЕНТИФИКАТОР ВЕРСИИ
контрольное поле 20241105194655.0
010 ## - МЕЖДУНАРОДНЫЙ СТАНДАРТНЫЙ НОМЕР КНИГИ (ISBN)
Номер (ISBN) 9785890358738
Уточнения В пер.
Тираж 200
035 ## - ДРУГИЕ СИСТЕМНЫЕ НОМЕРА
Идентификатор записи (NLR Aleph) 011401382
100 ## - ДАННЫЕ ОБЩЕЙ ОБРАБОТКИ
Данные общей обработки 20170607d2016 u y0rusy50 ca
101 0# - ЯЗЫК РЕСУРСА
Язык текста, звукозаписи и т.д. русский
102 ## - СТРАНА ПУБЛИКАЦИИ ИЛИ ПРОИЗВОДСТВА
Страна публикации Российская Федерация
105 ## - ПОЛЕ КОДИРОВАННЫХ ДАННЫХ: ТЕКСТОВЫЕ МАТЕРИАЛЫ, МОНОГРАФИЧЕСКИЕ
Кодированные данные о монографическом текстовом документе a z 010zy
200 1# - ЗАГЛАВИЕ И СВЕДЕНИЯ ОБ ОТВЕТСТВЕННОСТИ
Основное заглавие Центр профессионального просвещения на службе транспортного комплекса (период 1945-1991 гг.)
Первые сведения об ответственности [С.М. Сербин, А.А. Сербин]
Последующие сведения об ответственности под редакцией О.В. Старых
210 ## - ПУБЛИКАЦИЯ, РАСПРОСТРАНЕНИЕ И ДР.
Место издания, распространения и т.д. Москва
Имя издателя, распространителя и т. д. Учебно-методический центр по образованию на железнодорожном транспорте
Дата издания, распространения и т.д. 2016
215 ## - ФИЗИЧЕСКАЯ ХАРАКТЕРИСТИКА
Специфическое обозначение материала и объем 113, [3] с.
Другие сведения о физической характеристике ил., портр.
Размеры 24
300 ## - ОБЩИЕ ПРИМЕЧАНИЯ
Текст примечания Авт. указаны на обороте тит. л.
300 ## - ОБЩИЕ ПРИМЕЧАНИЯ
Текст примечания 70-летию Учебно-методического центра по образованию на железнодорожном транспорте посвящается
320 ## - ПРИМЕЧАНИЯ О НАЛИЧИИ В ДОКУМЕНТЕ БИБЛИОГРАФИИ / УКАЗАТЕЛЯ
Текст примечания Библиогр.: с. 107-114
601 02 - НАИМЕНОВАНИЕ ОРГАНИЗАЦИИ КАК ПРЕДМЕТ
Начальный элемент ввода Учебно-методический центр по образованию на железнодорожном транспорте
Идентифицирующий признак Москва, город
Системный номер авторитетной/нормативной записи 2329437
Идентификатор авторитетной/нормативной записи RU\NLR\AUTH\6601617379
686 ## - ИНДЕКСЫ ДРУГИХ КЛАССИФИКАЦИЙ
Индекс 39.2р(2)
Издание LBC/A
Код системы
686 1# - ИНДЕКСЫ ДРУГИХ КЛАССИФИКАЦИЙ
Индекс Ч458.759.84(2)7
700 #1 - ИМЯ ЛИЦА - ПЕРВИЧНАЯ ОТВЕТСТВЕННОСТЬ
Графика поля Кириллица
Материалы, к которым относится поле rus
Начальный элемент ввода Сербин
Часть имени, кроме начального элемента ввода С. М.
Даты 1937-
Расширение инициалов личного имени Станислав Михайлович
Системный номер авторитетной/нормативной записи 171445
Идентификатор авторитетной/нормативной записи RU\NLR\AUTH\770171495
701 #1 - ИМЯ ЛИЦА - АЛЬТЕРНАТИВНАЯ ОТВЕТСТВЕННОСТЬ
Начальный элемент ввода Сербин
Часть имени, кроме начального элемента ввода А. А.
Даты 1991-
Расширение инициалов личного имени Артем Александрович
702 #1 - ИМЯ ЛИЦА - ВТОРИЧНАЯ ОТВЕТСТВЕННОСТЬ
Начальный элемент ввода Старых
Часть имени, кроме начального элемента ввода О. В.
Расширение инициалов личного имени Ольга Владимировна
Код отношения Редактор
712 02 - НАИМЕНОВАНИЕ ОРГАНИЗАЦИИ - ВТОРИЧНАЯ ОТВЕТСТВЕННОСТЬ
Код отношения Прочие
Начальный элемент ввода Учебно-методический центр по образованию на железнодорожном транспорте
Идентифицирующий признак Москва
Системный номер авторитетной/нормативной записи 559547
Идентификатор авторитетной/нормативной записи RU\NLR\AUTH\880447981
801 #0 - ИСТОЧНИК ЗАПИСИ
Страна Российская Федерация
Организация ГПИБ России
Дата составления 20161228
Правила каталогизации rcr
942 ## - ДОПОЛНИТЕЛЬНЫЕ ЭЛЕМЕНТЫ ЗАПИСИ (АБИС)
Тип экземпляра АБИС Книга
980 ## - КОЛЛЕКЦИЯ
Название коллекции НБР

Нет доступных экземпляров.